000
00317nam a2200133Ia 4500
005
20251222143203.0
008
251222s9999||||xx |||||||||||||| ||spa||
020
_a
88-86440-32-4
082
_a
455.02/G84L/Ej.2
100
_a
Guastalla, Carlo
245
0
_a
Giocare con la Letteratura
264
_b
Alma
942
_c
LIB
999
_c
13147
_d
13147